[Event "TUR-ch U13/18"]
[Site "Antalya"]
[Date "2023.01.24"]
[Round "4"]
[White "Avsar, Gediz"]
[Black "Sevig, Mert Can"]
[Result "0-1"]
[WhiteElo "1748"]
[BlackElo "1738"]
[PlyCount "88"]
[EventDate "2023.01.17"]
[EventType "swiss"]
[EventRounds "10"]
[EventCountry "TUR"]
[SourceTitle "EXT 2024"]
[Source "ChessBase"]
[SourceDate "2023.10.10"]
[SourceVersion "1"]
[SourceVersionDate "2023.10.10"]
[SourceQuality "1"]

1. e4 c5 2. Nf3 e6 3. d4 cxd4 4. Nxd4 a6 5. Nc3 Qc7 6. Bd3 b5 7. 0-0 Bb7 8. Re1 Nf6 9. Bg5 d6 10. a4 b4 11. Na2 Be7 12. Bd2 Nbd7 13. Bxb4 Nc5 14. Nc3 0-0 15. b3 d5 16. e5 Nxd3 17. Bxe7 Nxe1 18. exf6 Qxc3 19. Bxf8 Rxf8 20. fxg7 Rc8 21. Ne2 Nf3+ 22. gxf3 Qxg7+ 23. Ng3 f5 24. f4 Rxc2 25. Qxc2 Qxa1+ 26. Kg2 d4+ 27. Kh3 Qc3 28. Qe2 Qc6 29. Qe5 Kf7 30. Qh8 Qg2+ 31. Kh4 Qxh2+ 32. Kg5 h6+ 33. Qxh6 Qxh6+ 34. Kxh6 Bg2 35. Ne2 d3 36. Nc3 a5 37. Nb1 Kf6 38. Nd2 Bd5 39. Kh5 e5 40. fxe5+ Kxe5 41. Kg5 Be6 42. f3 Kd4 43. Kf4 Kc3 44. Ke3 f4+ 0-1

[Event "TUR-ch U13/18"]
[Site "Antalya"]
[Date "2023.01.24"]
[Round "5"]
[White "Sevig, Mert Can"]
[Black "Kolat, Ata"]
[Result "1-0"]
[WhiteElo "1738"]
[BlackElo "1732"]
[PlyCount "101"]
[EventDate "2023.01.17"]
[EventType "swiss"]
[EventRounds "10"]
[EventCountry "TUR"]
[SourceTitle "EXT 2024"]
[Source "ChessBase"]
[SourceDate "2023.10.10"]
[SourceVersion "1"]
[SourceVersionDate "2023.10.10"]
[SourceQuality "1"]

1. e4 c5 2. Nc3 Nc6 3. f4 d6 4. Bb5 Bd7 5. Bxc6 Bxc6 6. Nf3 g6 7. 0-0 Bg7 8. d3 Nf6 9. Qe1 Qd7 10. e5 dxe5 11. fxe5 Nd5 12. Ne4 b6 13. Nfg5 0-0 14. Nxh7 Qg4 15. Nxf8 Rxf8 16. Qg3 Qxg3 17. Nxg3 Nb4 18. Rf2 Bxe5 19. a3 Nd5 20. c3 Rd8 21. Bg5 f6 22. Bd2 Nc7 23. Bf4 Bxf4 24. Rxf4 Rxd3 25. Re1 Nd5 26. Rf3 Rxf3 27. gxf3 Kf7 28. Kf2 e5 29. c4 Nf4 30. Rb1 Ne6 31. Ne4 Ke7 32. Rg1 f5 33. Nc3 Nf4 34. Ke3 Kf6 35. h4 Kf7 36. b4 Ne6 37. Nd5 Nd4 38. bxc5 bxc5 39. Rb1 Nc2+ 40. Kd3 Nd4 41. Rb8 Nxf3 42. Rc8 e4+ 43. Kc3 Nd4 44. Rc7+ Ke6 45. Nf4+ Kf6 46. Rxa7 g5 47. h5 gxf4 48. h6 f3 49. h7 f2 50. h8Q+ Ke6 51. Qh6+ 1-0

[Event "EU-chT U12"]
[Site "Thessaloniki"]
[Date "2022.07.13"]
[Round "2.3"]
[White "Sevig, Mert Can"]
[Black "Bubelo, Mykola"]
[Result "1-0"]
[WhiteElo "1604"]
[BlackElo "1535"]
[PlyCount "89"]
[EventDate "2022.07.12"]
[EventType "team-swiss"]
[EventRounds "7"]
[EventCountry "GRE"]
[SourceTitle "EXT 2023"]
[Source "ChessBase"]
[SourceDate "2022.10.05"]
[SourceVersion "1"]
[SourceVersionDate "2022.10.05"]
[SourceQuality "1"]
[WhiteTeam "Turkey U12"]
[BlackTeam "Ukraine U12"]
[WhiteTeamCountry "TUR"]
[BlackTeamCountry "UKR"]

1. e4 e6 2. d4 d5 3. Nd2 dxe4 4. Nxe4 Nd7 5. Nf3 Ngf6 6. Nxf6+ Nxf6 7. Bd3 c5 8. dxc5 Bxc5 9. Qe2 Qc7 10. Bd2 0-0 11. Bc3 Qe7 12. 0-0-0 Nd5 13. Bd2 Bd6 14. Kb1 Rb8 15. h4 e5 16. Bg5 Nf6 17. Bxf6 gxf6 18. g4 Kg7 19. h5 h6 20. Nh4 b6 21. Rh3 Rh8 22. Bf5 Bb7 23. Be4 Bc8 24. Rhd3 Bc5 25. Bc6 Be6 26. Nf5+ Bxf5 27. gxf5 Rhd8 28. Qg4+ Kh8 29. Rd7 Rxd7 30. Rxd7 Qe8 31. Qd1 Bd4 32. c3 Qc8 33. Qf3 Bc5 34. b4 Bf8 35. Qd5 Qe8 36. Rxa7 Qd8 37. Rd7 Qe8 38. Rxf7 Qd8 39. Rd7 Qe8 40. Rh7+ Kxh7 41. Bxe8 Rxe8 42. Qf7+ Bg7 43. Qg6+ Kh8 44. Qxe8+ Kh7 45. f3 1-0

[Event "EU-ch Amateur Online Final 1400/1700"]
[Site "Tornelo INT"]
[Date "2021.04.18"]
[Round "7"]
[White "Sevig, Mert Can"]
[Black "Lemoni, Maria Ioanna"]
[Result "1-0"]
[WhiteElo "1472"]
[BlackElo "1661"]
[PlyCount "91"]
[EventDate "2021.04.18"]
[EventType "swiss (rapid)"]
[EventRounds "9"]
[EventCountry "NET"]
[SourceTitle "EXT 2023"]
[Source "ChessBase"]
[SourceDate "2022.10.05"]
[SourceVersion "1"]
[SourceVersionDate "2022.10.05"]
[SourceQuality "1"]

1. e4 c5 2. Nf3 Nc6 3. Bb5 g6 4. Bxc6 bxc6 5. c3 Bg7 6. d4 cxd4 7. cxd4 d5 8. e5 f6 9. Qc2 Qb6 10. Bf4 Bg4 11. Nbd2 Rc8 12. Rc1 Bf5 13. Qc3 Qb5 14. Nb3 Be4 15. e6 g5 16. Bd2 Bf5 17. Nc5 Qb8 18. 0-0 h5 19. Qa5 h4 20. Rc3 g4 21. Ne1 Qb6 22. Qa4 Nh6 23. Rb3 Qd8 24. Rb7 0-0 25. Ba5 Qd6 26. Rd7 Qf4 27. Ncd3 Qg5 28. Qc2 Bxe6 29. Rxe7 Rfe8 30. Bd2 Qg6 31. Rxa7 Bf5 32. Qc3 Bf8 33. Nf4 Qg5 34. Ne6 Qh5 35. Nf4 Qg5 36. a4 Nf7 37. Ne6 Qg6 38. Nf4 Qh7 39. a5 Bd6 40. a6 Ra8 41. Rxa8 Rxa8 42. Qa5 Ng5 43. Qb6 Qa7 44. Qxc6 Qxa6 45. Qxd5+ Kg7 46. Qxf5 1-0

[Event "Wch U08"]
[Site "Santiago de Compostela"]
[Date "2018.11.09"]
[Round "5"]
[White "Usov, Aleksandr E"]
[Black "Sevig, Mert Can"]
[Result "1-0"]
[WhiteElo "1640"]
[BlackElo "1442"]
[PlyCount "85"]
[EventDate "2018.11.04"]
[EventType "swiss"]
[EventRounds "11"]
[EventCountry "ESP"]
[SourceTitle "EXT 2022"]
[Source "ChessBase"]
[SourceDate "2021.10.06"]
[SourceVersion "1"]
[SourceVersionDate "2021.10.06"]
[SourceQuality "1"]

1. d4 Nf6 2. c4 g6 3. g3 Bg7 4. Bg2 0-0 5. Nc3 d6 6. Nf3 Nc6 7. 0-0 a6 8. d5 Na5 9. Nd2 c5 10. a3 Qc7 11. Qc2 Nd7 12. Rb1 Ne5 13. b3 Rb8 14. h3 b5 15. f4 Nd7 16. Bb2 bxc4 17. bxc4 Nb6 18. Nd1 Bd7 19. Bxg7 Kxg7 20. Qc3+ Kg8 21. Qxa5 Qa7 22. Nc3 Rb7 23. Rb2 Rfb8 24. Rfb1 Kg7 25. Nce4 f5 26. Nf2 Kf7 27. Nd3 h6 28. Qc3 Rc7 29. Qc1 a5 30. e4 Rcb7 31. e5 Kg8 32. Qc3 Rc7 33. exd6 exd6 34. Qf6 Rcb7 35. Qxg6+ Kh8 36. Qxh6+ Kg8 37. Qxd6 Be8 38. Nxc5 Rg7 39. Rxb6 Rxg3 40. Rxb8 Qg7 41. Rxe8+ Kh7 42. Re7 Rxg2+ 43. Kh1 1-0

[Event "Wch U08"]
[Site "Santiago de Compostela"]
[Date "2018.11.08"]
[Round "4"]
[White "Grooten, Tommy"]
[Black "Sevig, Mert Can"]
[Result "0-1"]
[WhiteElo "1649"]
[BlackElo "1442"]
[PlyCount "110"]
[EventDate "2018.11.04"]
[EventType "swiss"]
[EventRounds "11"]
[EventCountry "ESP"]
[SourceTitle "EXT 2022"]
[Source "ChessBase"]
[SourceDate "2021.10.06"]
[SourceVersion "1"]
[SourceVersionDate "2021.10.06"]
[SourceQuality "1"]

1. e4 c5 2. Nf3 g6 3. d4 cxd4 4. Nxd4 Bg7 5. Nc3 Nc6 6. Be3 Nf6 7. Bc4 0-0 8. f3 Qb6 9. Bb3 Nxe4 10. fxe4 Nxd4 11. Nd5 Qe6 12. Bxd4 Qxe4+ 13. Be3 e6 14. Ne7+ Kh8 15. Qf3 Qb4+ 16. c3 Qxe7 17. 0-0-0 d5 18. Qf2 b6 19. Rhe1 Bb7 20. Bd4 Rfd8 21. Rf1 Rd7 22. Ba4 Rc7 23. Bxg7+ Kxg7 24. Qd4+ Kg8 25. Rde1 Rc4 26. Qe5 Rxa4 27. Re3 Re4 28. Rxe4 dxe4 29. h4 Ba6 30. Rh1 f5 31. h5 Bd3 32. b3 Rd8 33. hxg6 Qa3+ 34. Kd2 Qb2+ 35. Ke3 Qe2+ 36. Kf4 Qf2+ 37. Kg5 Qxg2+ 38. Kf6 Rf8+ 39. Ke7 Qg5+ 40. Kd7 Qd8+ 41. Kc6 Qc8+ 42. Kd6 Rd8+ 43. Ke7 Rd7+ 44. Kxe6 Rf7+ 45. Kd5 Rd7+ 46. Ke6 Qc6+ 47. Kxf5 Qxg6+ 48. Kf4 Rf7+ 49. Ke3 Rf3+ 50. Kd4 Qg7 51. c4 Qxe5+ 52. Kxe5 e3 53. Re1 e2 54. b4 Rf1 55. Rxe2 Bxe2 0-1